000 00414nam a2200181Ia 4500
001 10187
005 20260306161813.0
008 260306t2004||||xx |||||||||||||| ||spa||
041 _aESP
082 _a907.2
_bB77
100 _aBourdé, Guy
_eAUT
245 0 _aLas escuelas históricas
260 _c2004
300 _a281 páginas :
_c22 cm.
650 _aGEN
654 _aCHU
942 _cLIB
_dJUS
_fJUS
_2ddc
_n
999 _c10187
_d10187